[Event "AUTO-OPEN-638"]
[Site "http://www.queenalice.com/game.php?id=202659"]
[Date "2007.4.26"]
[Round "1"]
[White "jssouza"]
[Black "a13tc38920"]
[Result "0-1"]
[WhiteElo "1757"]
[BlackElo "1752"]

1. e4 c5 2. Nf3 d6 3. Nc3 Nf6 4. d3 e5 5. Bg5 Be7 6. Bxf6 Bxf6 7. Nd5 Be6 8.
Nxf6+ Qxf6 9. h3 O-O 10. Be2 Nc6 11. O-O Qg6 12. Kh2 Nd4 13. Nxd4 cxd4 14. Qd2
f5 15. Rg1 fxe4 16. Raf1 Bd5 17. dxe4 Bxe4 18. f3 Bxc2 19. Bc4+ Kh8 20. Rf2 Ba4
21. b3 Bc6 22. Bd3 Qf6 23. Re1 Rae8 24. Be4 d5 25. Bd3 e4 26. Bxe4 dxe4 27. Qa5
e3 28. Rfe2 Qf4+ 29. Kh1 d3 30. Qc5 dxe2 31. Rxe2 Bxf3 32. gxf3 Qxf3+ 33. Rg2 e2
34. Qd4 Qxh3+ 35. Rh2 Rf1+ 0-1

[Event "AUTO-OPEN-638"]
[Site "http://www.queenalice.com/game.php?id=202660"]
[Date "2007.4.26"]
[Round "1"]
[White "a13tc38920"]
[Black "jssouza"]
[Result "0-1"]
[WhiteElo "1752"]
[BlackElo "1678"]

1. d4 Nf6 2. c4 e6 3. Nc3 Bb4 4. Bg5 h6 5. Bh4 g5 6. Bg3 Ne4 7. Qc2 f5 8. f3
Nxc3 9. bxc3 Ba5 10. Be5 Rf8 11. e3 d6 12. Bg3 Bd7 13. Bd3 Qe7 14. Ne2 Nc6 15.
O-O O-O-O 16. d5 Ne5 17. Bxe5 dxe5 18. Rab1 g4 19. e4 gxf3 20. Rxf3 fxe4 21.
Bxe4 exd5 22. cxd5 Bg4 23. Rxf8 Rxf8 24. d6 cxd6 25. Bxb7+ Kd8 26. Bc6 Bb6+ 27.
Kh1 Bf5 28. Be4 Qg5 29. Ng3 Bxe4 30. Nxe4 Qf5 31. Qe2 d5 32. Ng3 Qxb1+ 0-1

[Event "Souza's March"]
[Site "http://www.queenalice.com/game.php?id=205978"]
[Date "2007.5.4"]
[Round "-"]
[White "technicaldraw"]
[Black "jssouza"]
[Result "1-0"]
[WhiteElo "2064"]
[BlackElo "1682"]

1. e4 Nc6 2. Nf3 e5 3. Bb5 Nd4 4. Nxd4 exd4 5. O-O Qg5 6. Bc4 Bd6 7. d3 Qe5 8.
g3 Nf6 9. f4 Qh5 10. Qxh5 Nxh5 11. g4 O-O 12. gxh5 h6 13. c3 c5 14. cxd4 cxd4
15. Bd2 b6 16. b4 a5 17. bxa5 bxa5 18. a4 Rb8 19. Bxa5 Rb2 20. Nd2 Bb7 21. Rfb1
Rxb1+ 22. Rxb1 Bc6 23. e5 Be7 24. Bb5 Bd5 25. Bb4 Re8 26. Bxd7 Rd8 27. Bb5 Bh4
28. Bc5 Rc8 29. Bb4 Kh7 30. Nc4 Rb8 31. Bc5 Rb7 32. a5 f6 33. a6 Rf7 34. Nd6 Rc7
35. Rc1 fxe5 36. fxe5 Bg5 37. Rc2 Be3+ 38. Kf1 Re7 39. Re2 Rxe5 40. Nc4 Rf5+ 41.
Ke1 Bf3 42. Nxe3 Rxc5 43. Bc4 Bxe2 44. Kxe2 dxe3 45. Kxe3 g5 46. Kd4 Rc7 47. Bd5
g4 48. Bb7 Rc2 49. a7 Rxh2 50. a8=Q Rxh5 51. Be4+ Kg7 52. Qb7+ Kf6 53. Qh7 Kg5
54. Qg7+ Kh4 55. Ke3 Rg5 56. Qxh6+ Rh5 57. Qf4 Kh3 58. Bg2+ Kh4 59. Bf3 Re5+ 60.
Qxe5 gxf3 61. Kxf3 Kh3 62. Qg3# 1-0

[Event "Marcos X Dr. Jean"]
[Site "http://www.queenalice.com/game.php?id=206076"]
[Date "2007.5.4"]
[Round "-"]
[White "marcos_excel"]
[Black "jssouza"]
[Result "1/2-1/2"]
[WhiteElo "1551"]
[BlackElo "1699"]

1. e4 Nc6 2. d4 e6 3. c4 Bb4+ 4. Bd2 Qh4 5. Bd3 Bxd2+ 6. Nxd2 Nxd4 7. Ngf3 Nxf3+
8. Nxf3 Qe7 9. O-O Nf6 10. e5 Ng4 11. Nd4 Nxe5 12. Be2 O-O 13. Rc1 c5 14. Nb3 b6
15. Re1 Bb7 16. Bf1 Qf6 17. Rc3 Qg5 18. Rce3 Ng4 19. Rg3 f5 20. h3 Qf4 21. hxg4
fxg4 22. Qe2 d5 23. Rxg4 Qh6 24. Qxe6+ Qxe6 25. Rxe6 Bc8 26. cxd5 Rd8 27. Bc4 b5
28. Bxb5 Bxe6 29. dxe6 Rd1+ 30. Kh2 Re1 31. Bc4 Rc8 32. Rg5 g6 33. Rxc5 Re8 34.
Nd4 Kg7 35. Rc7+ Kf6 36. Rf7+ Ke5 37. Nf3+ Kd6 38. Nxe1 Kc5 39. Bb3 a5 40. Rxh7
a4 41. Bxa4 Rxe6 42. Nd3+ Kd4 43. Nf4 Ra6 44. Ne2+ Ke5 45. b3 Ke4 46. Rg7 Kd3
47. Bb5+ Ke4 48. Bxa6 g5 49. b4 g4 50. b5 Kf5 51. b6 g3+ 52. Nxg3+ Kf4 53. Be2
Ke5 54. b7 Kf6 55. Nh5+ Kf5 56. b8=Q Ke4 57. Qb5 Kd4 58. Qc4+ Ke5 59. Bg4 Kd6
60. Rd7+ Ke5 61. g3 1/2-1/2

[Event "Challenge"]
[Site "http://www.queenalice.com/game.php?id=209699"]
[Date "2007.5.12"]
[Round "-"]
[White "jssouza"]
[Black "technicaldraw"]
[Result "1-0"]
[WhiteElo "1681"]
[BlackElo "2090"]

1. e4 g6 2. d3 Bg7 3. Be2 c5 4. c3 Nc6 5. Nd2 d6 6. Ngf3 Nf6 7. h3 O-O 8. O-O a6
9. Nc4 b5 10. Na3 Bb7 11. c4 b4 12. Nc2 a5 13. a4 Re8 14. b3 Nd7 15. Rb1 Nce5
16. Bb2 Nxf3+ 17. Bxf3 Bxb2 18. Rxb2 e6 19. Ne3 Qf6 20. Qa1 Rad8 21. e5 1-0

[Event "AUTO-ADV-493"]
[Site "http://www.queenalice.com/game.php?id=211362"]
[Date "2007.5.15"]
[Round "1"]
[White "denzil"]
[Black "jssouza"]
[Result "1-0"]
[WhiteElo "1737"]
[BlackElo "1712"]

1. d4 Nf6 2. c4 e6 3. Nc3 c5 4. Nf3 cxd4 5. Nxd4 Bc5 6. Ndb5 Ng4 7. Nd6+ Bxd6 8.
Qxd6 Nf6 9. Nb5 Na6 10. Bg5 h6 11. Bh4 g5 12. Bg3 Ne4 13. Qd4 Nf6 14. Be5 O-O
15. Bxf6 Qa5+ 16. Qc3 Qxc3+ 17. Bxc3 Nc5 18. e3 b6 19. Be2 Bb7 20. O-O Ne4 21.
Bf3 Rac8 22. b3 Ba6 23. Bxe4 Bxb5 24. Bb4 1-0

[Event "AUTO-ADV-493"]
[Site "http://www.queenalice.com/game.php?id=211363"]
[Date "2007.5.15"]
[Round "1"]
[White "jssouza"]
[Black "denzil"]
[Result "0-1"]
[WhiteElo "1579"]
[BlackElo "1814"]

1. e4 e5 2. Nf3 Nc6 3. Nc3 Nf6 4. Bc4 Bc5 5. O-O d6 6. h3 O-O 7. d3 h6 8. a3 Re8
9. Nd5 Be6 10. c3 a6 11. b4 Bb6 12. d4 Nxe4 13. Nxb6 Bxc4 14. Nxc4 Nxc3 15. Qc2
exd4 16. Bb2 Qf6 17. Rfe1 b5 18. Ncd2 Ne7 19. Bxc3 dxc3 20. Ne4 Qg6 21. Qxc3 Nd5
22. Qc6 Nf4 23. Ng3 Rec8 24. Re7 d5 0-1

[Event "AUTO-ADV-493"]
[Site "http://www.queenalice.com/game.php?id=211374"]
[Date "2007.5.15"]
[Round "1"]
[White "Beyonder"]
[Black "jssouza"]
[Result "0-1"]
[WhiteElo "1860"]
[BlackElo "1628"]

1. e4 Nc6 2. Nc3 Nf6 3. Bc4 e6 4. Nf3 d5 5. exd5 exd5 6. Bb5 Bd7 7. d3 Qe7+ 8.
Qe2 h6 9. O-O O-O-O 10. Bf4 a6 11. Ba4 b5 12. Bb3 d4 13. Qxe7 Bxe7 14. Ne2 Bg4
15. Bxf7 Bxf3 16. gxf3 g5 17. Bd2 Ne5 18. Kg2 Nxf7 0-1

[Event "AUTO-ADV-493"]
[Site "http://www.queenalice.com/game.php?id=211375"]
[Date "2007.5.15"]
[Round "1"]
[White "jssouza"]
[Black "Beyonder"]
[Result "0-1"]
[WhiteElo "1733"]
[BlackElo "1857"]

1. e4 e5 2. Nf3 Nc6 3. Nc3 Bc5 4. Bc4 d6 5. d3 Bg4 6. h3 Bd7 7. Ng5 Nh6 8. Qf3
O-O 9. Qg3 Ne7 10. Nf3 Ng6 11. Bxh6 gxh6 12. h4 Kh8 13. Nd5 c6 14. Nc3 b5 15.
Bb3 Nf4 16. Ne2 Rg8 17. Ng5 hxg5 18. h5 Qa5+ 19. c3 b4 20. d4 Nxe2 21. Kxe2 Qa6+
22. Ke1 exd4 23. cxd4 Bxd4 24. h6 Be5 25. Qe3 Rgf8 26. Qxg5 Qd3 27. Rh4 Bxb2 28.
Rd1 Bc3+ 0-1

[Event "AUTO-ADV-493"]
[Site "http://www.queenalice.com/game.php?id=211382"]
[Date "2007.5.15"]
[Round "1"]
[White "jssouza"]
[Black "xandudz"]
[Result "0-1"]
[WhiteElo "1608"]
[BlackElo "1640"]

1. e4 e5 2. Nf3 Nc6 3. c4 Bc5 4. d3 d6 5. Be2 Bg4 6. h3 Bxf3 7. Bxf3 Nce7 8. O-O
f5 9. Bh5+ g6 10. Bf3 c6 11. exf5 Nxf5 12. Nc3 Nge7 13. Ne4 d5 14. Nxc5 Nd4 15.
Nxb7 Qb6 16. Nd6+ Kf8 17. Bh5 gxh5 18. Bh6+ Kg8 19. Qxh5 Ng6 20. Rae1 e4 0-1

[Event "AUTO-ADV-493"]
[Site "http://www.queenalice.com/game.php?id=211383"]
[Date "2007.5.15"]
[Round "1"]
[White "xandudz"]
[Black "jssouza"]
[Result "1-0"]
[WhiteElo "1624"]
[BlackElo "1628"]

1. Nf3 Nc6 2. d4 d5 3. h3 h6 4. Bf4 g5 5. Nxg5 hxg5 6. Bxg5 Rh5 7. h4 Bg7 8. e3
Rh7 9. Bd3 Rh8 10. Nd2 f6 11. Bg6+ Kd7 12. Bf4 e6 13. Nf1 Qe7 14. Nd2 f5 15. Qf3
Rxh4 16. Rxh4 Qxh4 17. Nf1 Nb4 18. Qe2 Ke7 19. Bg3 Qe4 20. Rc1 Nxa2 21. Ra1 Nb4
22. Rc1 1-0

[Event "Dr. Jean X Excel"]
[Site "http://www.queenalice.com/game.php?id=211584"]
[Date "2007.5.16"]
[Round "-"]
[White "jssouza"]
[Black "marcos_excel"]
[Result "0-1"]
[WhiteElo "1681"]
[BlackElo "1551"]

1. e4 Nc6 2. Nc3 e6 3. Nf3 Bb4 4. Nb5 a6 5. Nbd4 Nxd4 6. Nxd4 d5 7. e5 c5 8. Nf3
c4 9. c3 Bc5 10. b4 Be7 11. d4 a5 12. b5 a4 13. a3 Bd7 14. Rb1 Qa5 15. b6 Bxa3
16. Bg5 h6 17. Bf4 Ra6 18. Ra1 Bb2 19. Rb1 Bxc3+ 20. Bd2 Rxb6 21. Rxb6 Bxd2+ 22.
Nxd2 Qxb6 23. Qg4 c3 24. Bd3 cxd2+ 25. Kxd2 Qa5+ 26. Ke3 Kf8 27. Rb1 b5 28. Qf3
a3 29. Bg6 Qc3+ 30. Bd3 a2 31. Qd1 axb1=N 32. Qxb1 Ne7 33. g4 Nc6 34. Kf3 Qxd4
35. Kg2 Qxg4+ 36. Kf1 b4 37. Qa2 Qd1+ 38. Kg2 Qxd3 39. Qa8+ Be8 40. Qb7 b3 41.
Qc7 b2 42. Qd6+ Kg8 0-1

[Event "Let's Play Chess!"]
[Site "http://www.queenalice.com/game.php?id=212644"]
[Date "2007.5.18"]
[Round "-"]
[White "GusthavOX"]
[Black "jssouza"]
[Result "0-1"]
[WhiteElo "1863"]
[BlackElo "1685"]

1. e4 c6 2. d4 d5 3. Nc3 dxe4 4. Nxe4 Bf5 5. Nc5 e5 6. Nxb7 Qxd4 7. Qxd4 exd4 8.
Bf4 Bxc2 9. Rc1 d3 10. Nd6+ Bxd6 11. Bxd6 c5 12. Bxc5 Nd7 13. Bd4 Ngf6 14. Kd2
Ne4+ 15. Ke3 d2 16. Be2 dxc1=Q+ 0-1

[Event "Dr. Jean X Excel"]
[Site "http://www.queenalice.com/game.php?id=213073"]
[Date "2007.5.19"]
[Round "-"]
[White "marcos_excel"]
[Black "jssouza"]
[Result "1-0"]
[WhiteElo "1766"]
[BlackElo "1553"]

1. e4 e5 2. Nc3 Nf6 3. Bc4 Nc6 4. Nf3 Bc5 5. O-O Ng4 6. d3 h5 7. h3 Bxf2+ 8.
Rxf2 Nxf2 9. Kxf2 Na5 10. Nxe5 Qf6+ 11. Qf3 Qxe5 12. Bxf7+ Kd8 13. h4 Nc6 14.
Bg5+ Ne7 15. Nd5 d6 16. Nxe7 Qc5+ 17. Kf1 Bg4 18. Ng6+ Kd7 19. Qf4 Qxc2 20. Nxh8
Rxh8 21. Bg8 Qxd3+ 22. Kg1 Qd4+ 23. Kh2 Qe5 24. Qxe5 dxe5 25. Bc4 Kd6 26. a4 Kc5
27. Rc1 Kd6 28. b4 b6 29. b5 Rc8 30. Bd5 Kd7 31. Rc6 Ke8 32. a5 Bd7 33. Be6 Bxc6
34. Bxc8 Bxe4 35. axb6 axb6 36. Kg3 Bd3 37. Ba6 c5 38. Kh3 Kd7 39. Kg3 c4 40.
Bd2 e4 41. Bb7 e3 42. Bxe3 1-0

[Event "Challenge"]
[Site "http://www.queenalice.com/game.php?id=214123"]
[Date "2007.5.21"]
[Round "-"]
[White "alexnu"]
[Black "jssouza"]
[Result "1-0"]
[WhiteElo "1100"]
[BlackElo "1712"]

1. g4 d5 2. Bg2 Bxg4 3. c4 c6 4. cxd5 cxd5 5. Qb3 Qc8 6. Bxd5 Qxc1+ 7. Qd1 Qxb2
8. Nc3 e6 9. Rb1 Qa3 10. Bxb7 Qc5 11. Bxa8 Bd6 12. Qa4+ Nd7 13. Bc6 Bf5 14.
Bxd7+ Ke7 15. Rb7 Kf6 16. Nf3 Be5 17. Qh4+ 1-0

[Event "Challenge"]
[Site "http://www.queenalice.com/game.php?id=214762"]
[Date "2007.5.22"]
[Round "-"]
[White "jssouza"]
[Black "Magogue"]
[Result "0-1"]
[WhiteElo "1572"]
[BlackElo "1856"]

1. e4 e5 2. Nf3 d6 3. Nc3 Nf6 4. Bc4 h6 5. O-O a6 6. d4 exd4 7. Nxd4 Be7 8. Qf3
Bg4 9. Qd3 O-O 10. h3 Bh5 11. Nf5 Bg6 12. Qg3 Kh7 13. Bd3 Bxf5 14. exf5 Nbd7 15.
Re1 Ne5 16. Be4 Rb8 17. Nd5 Nxd5 18. Bxd5 c6 0-1

[Event "AUTO-ADV-501"]
[Site "http://www.queenalice.com/game.php?id=215431"]
[Date "2007.5.23"]
[Round "1"]
[White "Rutty"]
[Black "jssouza"]
[Result "1-0"]
[WhiteElo "1993"]
[BlackElo "1629"]

1. e4 c6 2. Nf3 e6 3. d4 d5 4. e5 c5 5. c3 Qa5 6. Be2 cxd4 7. Nxd4 Bc5 8. O-O
Nd7 9. Bf4 Qb6 10. b3 Bxd4 11. cxd4 Ne7 12. Nc3 Nf5 13. Bb5 a6 14. Bxd7+ Bxd7
15. Be3 O-O 16. Rc1 Rac8 17. Qd3 h6 18. h3 Rc7 19. Na4 Bxa4 20. bxa4 1-0

[Event "AUTO-ADV-501"]
[Site "http://www.queenalice.com/game.php?id=215432"]
[Date "2007.5.23"]
[Round "1"]
[White "jssouza"]
[Black "Rutty"]
[Result "0-1"]
[WhiteElo "1653"]
[BlackElo "1908"]

1. e4 e5 2. Nf3 Nc6 3. Bc4 Bc5 4. d3 h6 5. O-O d6 6. h3 Nf6 7. Bd2 Be6 8. b3
Bxc4 9. dxc4 O-O 10. Nc3 Nd4 11. Be3 Nxf3+ 12. Qxf3 Bd4 13. Bxd4 exd4 14. Nd5
Nxd5 0-1

[Event "AUTO-ADV-501"]
[Site "http://www.queenalice.com/game.php?id=215439"]
[Date "2007.5.23"]
[Round "1"]
[White "jssouza"]
[Black "IkeBroflovski"]
[Result "0-1"]
[WhiteElo "1645"]
[BlackElo "1743"]

1. e4 e6 2. Nf3 d5 3. e5 c5 4. d4 Nc6 5. b3 cxd4 6. Nxd4 Bc5 7. Nb5 a6 8. Nd6+
Bxd6 9. exd6 Qxd6 10. Be2 Nf6 11. O-O O-O 12. Bg5 Ne4 13. Bh4 Ne5 14. f3 Nf6 15.
Bxf6 gxf6 16. f4 Ng6 17. Qd2 f5 18. Rf3 b5 19. Rg3 Bb7 20. Qd4 Rfc8 0-1

[Event "AUTO-ADV-501"]
[Site "http://www.queenalice.com/game.php?id=215440"]
[Date "2007.5.23"]
[Round "1"]
[White "IkeBroflovski"]
[Black "jssouza"]
[Result "1-0"]
[WhiteElo "1690"]
[BlackElo "1592"]

1. Nf3 e6 2. d4 d5 3. e3 Nf6 4. c4 b6 5. Nc3 Ne4 6. Bd3 Nxc3 7. bxc3 Be7 8. e4
O-O 9. e5 f6 10. cxd5 Qxd5 11. Qe2 c5 12. Be4 Qd7 13. Bxa8 Bb7 14. Bxb7 Qxb7 15.
Be3 cxd4 16. cxd4 fxe5 17. dxe5 Qc6 18. O-O h6 19. Rac1 Qd5 20. Rfd1 Qe4 21. Rc4
Qg6 22. Rc7 Bc5 23. Bxc5 1-0